000 00912nam a2200277Ia 4500
003 OSt
005 20220928123931.0
006 a|||||r|||| 00| 0
007 ta
008 220927b |||||||| |||| 00| 0 eng d
020 _cEURO 144.99
024 _a137425
037 _b026, 18/01/2018, Excel Book International
_cTextual
040 _aSDCL
_cSDCL
_beng
041 _2eng
_aeng
082 _aW:(R), Q7
100 _aWiesner Claudia
_9462424
245 0 _aDebates, rhetoric and political action
_b Practices of textual interpretation and analysis
260 _aLondon
_bPalgrave Macmillan
_c2017
300 _axv,251p.
_ccm.
650 _aPolitical Science
700 _a Haapala Taru
_9462425
700 _a Palonen Kari
_9462426
942 _hW:(R), Q7
_cTEXL
_2CC
999 _c775411
_d775411